| 000 | 00511cam a22002054a 4500 | ||
|---|---|---|---|
| 005 | 20250605164319.0 | ||
| 008 | 250528s ||||||||||||||||||||||||d | ||
| 035 | _a22826 | ||
| 020 | _a9781843255550 | ||
| 040 |
_aGR-AtMCL _bgre _dGR-AtMCL _eAACR2 |
||
| 245 | 1 | _aLISTENING AND SPEAKING SKILLS 2 TEACHER'S BOOK | |
| 250 | _a1 | ||
| 260 |
_bExpress Publishing, _c2002 |
||
| 300 | _a140 | ||
| 700 | 1 |
_aEvans Virginia _93804 |
|
| 700 | 1 |
_aScott Sally _97823 |
|
| 942 | _cBK | ||
| 999 |
_c7871 _d7871 |
||